Gabler kleines Lexikon Wirtschaft 2200 Wirtschaftsbegriffe

Gespeichert in:
Bibliographische Detailangaben
Format: Buch
Sprache:Deutsch
Veröffentlicht: Wiesbaden Gabler 1989
Ausgabe:4. überarb. Aufl.
Tags: Tag hinzufügen
Keine Tags, Fügen Sie das erste Tag hinzu!

MARC

LEADER 00000nam a2200000 4500
001 c024702
005 20221215124425.6
041 0 |a ger 
044 |a DE 
245 1 0 |a Gabler kleines Lexikon Wirtschaft  |b 2200 Wirtschaftsbegriffe 
250 |a 4. überarb. Aufl. 
264 1 |a Wiesbaden  |b Gabler  |c 1989 
300 |a 279 s.